1582 1522 1734 1878 1615 1951 1447 1651 1584 1584 1528 1066 1683 1167 1841 1927 1123 1688 1427 1543 1349 1573 1089 1830 1478 1487 1610 1956 1459 1605 1681 1724 1981 1662 1977 1451 1700 1122 1249 1462 1366 1732 1503 1268 1811 1262 1406 1296 1396 1795 1164 1698 1270 1653 1773 1245 1064 1114 1666 1529 1256 1968 1776 1048 1222 1543 1089 1250 1061 1879 1018 1973 1102 1649 1469 1243 1969 1386 1475 1915 1278 1084 1699 1726 1238 1594 1729 1339 1652 1598 1166 1846 1053 1878 1667 1226 1250 1311 1646 BCNSPRNW ULIB Ver.6.0+V

เปลี่ยนเป็นภาษาไทย

Change to English
 แสดงรายละเอียดบรรณานุกรม
  กลับหน้าหลัก

Brief Record : Get Marc (ISO 2709) : E-mail record : QR code < ปิดหน้าต่าง
LEADER : 00000nam 2200000uu 4500
001    13399125132
003     ULIB
008    161005s2559||||th 000 0 tha d
020    ^a9786169137559
060 04 ^aWS125^bภ264ว
100 0  ^aภาวิน พัวพรพงษ์
245 10 ^aเวชปฏิบัติ การเลี้ยงลูกด้วยนมแม่ /^cภาวิน พัวพรพงษ์ และคณะ,บรรณาธิการ
260    ^aนนทบุรี :^bบริษัท บียอนด์ เอ็นเทอร์ไพรช์ จำกัด,^c2559
300    ^a339 หน้า
650  7 ^a Clinical Practice of Breastfeeding
700 0  ^aภาวิน พัวพรพงษ์,^eบรรณาธิการร่วม
700 0  ^aคมกฤช เอี่ยมจิรกุลร,^eบรรณาธิการร่วม
710 2  ^aมูลนิธิศูนย์นมแม่แห่งประเทศไทย
945    ^p0^l0^i001373
945    ^p0^l0^i001374
999    ^aวรรณษา ชูชัยมงคล
รายการนี้ยังไม่มีแท็ก
คุณยังไม่ได้ล็อกอิน คุณสามารถมีกิจกรรมร่วมกับเว็บไซต์ได้ แต่ต้องล็อกอินก่อน ::
  ล็อกอิน

รายการสื่อสารสนเทศ

ลำดับที่ ประเภท เลขเรียก/บาร์โค้ด สถานที่ สถานะ
1. วิทยาศาสตร์การแพทย์ และสุขภาพ
วิทยาศาสตร์การแพทย์ และสุขภาพ
สถานะ=หนังสือเก่า
WS125 ภ264ว ฉ.1 
  Barcode: 001373
ห้องสมุดวิทยาเขตสวรรค์ประชารักษ์
►ส่วนจัดเก็บหนังสือเก่า สปร
บนชั้น
  ขอยืม
2. วิทยาศาสตร์การแพทย์ และสุขภาพ
วิทยาศาสตร์การแพทย์ และสุขภาพ
สถานะ=หนังสือเก่า
WS125 ภ264ว ฉ.2 
  Barcode: 001374
ห้องสมุดวิทยาเขตสวรรค์ประชารักษ์
►ส่วนจัดเก็บหนังสือเก่า สปร
บนชั้น
  ขอยืม

BibComment


ยังไม่เคยถูกคอมเมนท์

คอมเมนท์ทรัพยากรรายการนี้
  คอมเมนท์: เวชปฏิบัติ การเล..


 Copyright 2026. Bcnsprnw @Library